Μπουζιάνης : από τη συλλογή του Βασίλη Ι. Βαλαμπού
Saved in:
| Other Authors: | |
|---|---|
| Format: | Book |
| Language: | Greek |
| Published: |
[Αθήνα] :
Μουσείο Μπενάκη,
c2005.
|
| Subjects: | |
| Tags: |
Add Tag
No Tags, Be the first to tag this record!
|
MARC
| LEADER | 00000cam a2200000 i 4500 | ||
|---|---|---|---|
| 001 | 1/78391 | ||
| 008 | 080321s2005 gr | ||| |||| ||gre|| | ||
| 020 | |a 9608347289 | ||
| 035 | |l 10095721 | ||
| 040 | |a GR-MyUa |b gre |e AACR2 | ||
| 041 | 0 | |a gre | |
| 082 | 7 | |a 700.92 |2 (22) | |
| 245 | 0 | 0 | |a Μπουζιάνης : |b από τη συλλογή του Βασίλη Ι. Βαλαμπού / |c επιμέλεια έκδοσης: Μαρία Διαμάντη. |
| 260 | |a [Αθήνα] : |b Μουσείο Μπενάκη, |c c2005. | ||
| 300 | |a 182 σ. : |b έγχρ. εικ. ; |c 31 εκ. | ||
| 500 | |a Ο τόμος αυτός εκδόθηκε στο πλαίσιο έκθεσης "Μπουζιάνης. Από τη συλλογή του Βασίλη Ι. Βαλαμπού", που παρουσιάστηκε στο Μουσείο Μπενάκη από τις 16/11/05 έως και τις 05/02/06. | ||
| 504 | |a Βιβλιογραφία: σ. 178-181. Ευρετήριο. | ||
| 600 | 1 | 0 | |a Μπουζιάνης, Γιώργος, |d 1885-1959 |x Exhibitions. |
| 650 | 0 | |a Painting, Greek |y 20th century |x Exhibitions. | |
| 650 | 0 | |a Painters |z Greece |y 20th century. | |
| 700 | 1 | |a Διαμάντη, Μαρία, |e edtf | |
| 852 | |a INST |b SYROS |e 20080321 |h 700.92 ΜΠΟ |p 005500006329 |q 005500006329 |t BK |y 0 | ||
| 901 | |a BIBL5-2008-1 | ||
| 922 | |a 5ΕΛΗ |b 200711 |c ΕΠΕΑΕΚ2/ΤΜΣΠΣ |d Σ. Πατάκης | ||
| 970 | |a Κοντού |b Παρασκευή |z 21/03/2008 | ||